UBT Library

Competitive selling : (Record no. 44472)

000 -LEADER
fixed length control field 00832cam a2200265 a 4500
001 - CONTROL NUMBER
control field 16067275
005 - DATE AND TIME OF LATEST TRANSACTION
control field 20180308072247.0
008 - FIXED-LENGTH DATA ELEMENTS--GENERAL INFORMATION
fixed length control field 100125s2010 nyua 001 0 eng
010 ## - LIBRARY OF CONGRESS CONTROL NUMBER
LC control number 2010003195
015 ## - NATIONAL BIBLIOGRAPHY NUMBER
National bibliography number GBB052235
Source bnb
016 7# - NATIONAL BIBLIOGRAPHIC AGENCY CONTROL NUMBER
Record control number 015534783
Source Uk
020 ## - INTERNATIONAL STANDARD BOOK NUMBER
International Standard Book Number 9780071738897 (alk. paper)
020 ## - INTERNATIONAL STANDARD BOOK NUMBER
International Standard Book Number 0071738894 (alk. paper)
035 ## - SYSTEM CONTROL NUMBER
System control number (OCoLC)ocn466354081
040 ## - CATALOGING SOURCE
Original cataloging agency DLC
Transcribing agency DLC
Modifying agency BTCTA
-- YDXCP
-- UKM
-- C#P
-- BWX
-- CDX
-- DLC
041 ## - LANGUAGE CODE
Language code of text/sound track or separate title eng
080 ## - UNIVERSAL DECIMAL CLASSIFICATION NUMBER
Universal Decimal Classification number 658.85 CHA
082 00 - DEWEY DECIMAL CLASSIFICATION NUMBER
Classification number 658.85 CHA
Edition number 22
100 1# - Rafti
Rafti 61
101 ## - Shkurtesa
Shkurtesa SHIT
245 10 - TITLE STATEMENT
Title Competitive selling :
Statement of responsibility, etc Landy Chase.
906 ## - LOCAL DATA ELEMENT F, LDF (RLIN)
a 7
b cbc
c orignew
d 1
e ecip
f 20
g y-gencatlg
942 ## - ADDED ENTRY ELEMENTS (KOHA)
Source of classification or shelving scheme
Item type Books
Holdings
Withdrawn status Lost status Source of classification or shelving scheme Damaged status Not for loan Collection code Permanent location Current location Shelving location Date acquired Total Checkouts Full call number Barcode Date last seen Price effective from Koha item type
          Koleksioni i përgjithshem UBT - Lipjan UBT - Lipjan Koleksioni i përgjithshem 03/08/2018   658.85 CHA 002-3001119 03/08/2018 03/08/2018 Books
          Koleksioni i përgjithshem UBT - Lipjan UBT - Lipjan Koleksioni i përgjithshem 03/08/2018   658.85 CHA 002-3001114 03/08/2018 03/08/2018 Books
          Koleksioni i përgjithshem UBT - Lipjan UBT - Lipjan Koleksioni i përgjithshem 03/08/2018   658.85 CHA 002-3001109 03/08/2018 03/08/2018 Books
          Koleksioni i përgjithshem UBT - Lipjan UBT - Lipjan Koleksioni i përgjithshem 03/08/2018   658.85 CHA 002-3001104 03/08/2018 03/08/2018 Books
          Koleksioni i përgjithshem UBT - Lipjan UBT - Lipjan Koleksioni i përgjithshem 03/08/2018   658.85 CHA 002-3001099 03/08/2018 03/08/2018 Books
          Koleksioni i përgjithshem UBT - Lipjan UBT - Lipjan Koleksioni i përgjithshem 03/08/2018   658.85 CHA 002-3001094 03/08/2018 03/08/2018 Books
          Koleksioni i përgjithshem UBT - Lipjan UBT - Lipjan Koleksioni i përgjithshem 03/08/2018   658.85 CHA 002-3001089 03/08/2018 03/08/2018 Books
          Koleksioni i përgjithshem UBT - Lipjan UBT - Lipjan Koleksioni i përgjithshem 03/08/2018   658.85 CHA 002-3001084 03/08/2018 03/08/2018 Books
UBT Library © 2015-2024. All rights reserved University Education for Business and Technology